[Event "SVK-chT2D 1819"]
[Site "Slovakia"]
[Date "2018.10.14"]
[Round "2.1"]
[White "Mrva, Vladimir"]
[Black "Demeter, Peter"]
[Result "1/2-1/2"]
[WhiteElo "2079"]
[BlackElo "2115"]
[PlyCount "62"]
[EventDate "2018.10.13"]
[EventType "team-tourn"]
[EventRounds "11"]
[EventCountry "SVK"]
[SourceTitle "CBM 187 Extra"]
[Source "ChessBase"]
[SourceDate "2018.11.04"]
[SourceVersion "1"]
[SourceVersionDate "2018.11.04"]
[SourceQuality "1"]
[WhiteTeam "Presov Slavia PU"]
[BlackTeam "Presov Tatran Dason"]
[WhiteTeamCountry "SVK"]
[BlackTeamCountry "SVK"]

1. e4 g6 2. d4 Bg7 3. Nf3 d6 4. Be2 Nf6 5. Nc3 0-0 6. 0-0 c6 7. a4 Na6 8. h3 Nb4 9. Be3 a5 10. Qc1 Qc7 11. Nd2 e5 12. dxe5 dxe5 13. Nc4 Nd7 14. Na3 b6 15. Rd1 Re8 16. Bh6 Nc5 17. Bxg7 Kxg7 18. Bc4 Be6 19. Bxe6 Nxe6 20. Ne2 Rad8 21. Qe3 c5 22. c3 Nc6 23. Ng3 Nf4 24. Qf3 h5 25. Nf1 Ne7 26. Nc4 f6 27. Rxd8 Rxd8 28. Rd1 Kf7 29. Kh2 Ne6 30. Rxd8 Nxd8 31. Qd1 Nc8 1/2-1/2

[Event "SVK-chT2D 1819"]
[Site "Slovakia"]
[Date "2018.10.13"]
[Round "1.1"]
[White "Balazs, Ladislav"]
[Black "Mrva, Vladimir"]
[Result "1-0"]
[WhiteElo "2091"]
[BlackElo "2079"]
[PlyCount "97"]
[EventDate "2018.10.13"]
[EventType "team-tourn"]
[EventRounds "11"]
[EventCountry "SVK"]
[SourceTitle "CBM 187 Extra"]
[Source "ChessBase"]
[SourceDate "2018.11.04"]
[SourceVersion "1"]
[SourceVersionDate "2018.11.04"]
[SourceQuality "1"]
[WhiteTeam "Moldava nad Bodvou"]
[BlackTeam "Presov Slavia PU"]
[WhiteTeamCountry "SVK"]
[BlackTeamCountry "SVK"]

1. d4 Nf6 2. Nf3 e6 3. e3 b6 4. Bd3 Bb7 5. Nbd2 c5 6. c3 d5 7. 0-0 Nbd7 8. Ne5 Nxe5 9. dxe5 Nd7 10. f4 c4 11. Bc2 Bc5 12. Nf3 Qc7 13. b4 Be7 14. Nd4 g6 15. Bd2 a6 16. Qg4 Nf8 17. Ba4+ b5 18. Bc2 Qb6 19. a4 f5 20. exf6 Bxf6 21. axb5 axb5 22. Rxa8+ Bxa8 23. Ra1 Bc6 24. Be1 Bd7 25. Qf3 Kf7 26. Bf2 Bxd4 27. exd4 Bc8 28. Qe3 Nd7 29. Bh4 Re8 30. Bg5 Kg8 31. h4 Bb7 32. h5 Kf7 33. hxg6+ hxg6 34. Qh3 Nf8 35. Qh8 e5 36. fxe5 Bc8 37. Bf6 Re6 38. Bxg6+ Nxg6 39. Ra7+ Qxa7 40. Qg7+ Ke8 41. Qxa7 Ra6 42. Qg7 Bf5 43. Qg8+ Kd7 44. Qxd5+ Kc8 45. Qc5+ Kb7 46. Qxb5+ Ka7 47. Qc5+ Kb7 48. b5 Ra2 49. Qc6+ 1-0

[Event "Kosice Kotan Memorial"]
[Site "Kosice"]
[Date "2018.07.23"]
[Round "4"]
[White "Danada, Tomas"]
[Black "Mrva, Vladimir"]
[Result "1/2-1/2"]
[WhiteElo "2257"]
[BlackElo "2072"]
[PlyCount "93"]
[EventDate "2018.07.21"]
[EventType "swiss"]
[EventRounds "9"]
[EventCountry "SVK"]
[SourceTitle "CBM 185 Extra"]
[Source "ChessBase"]
[SourceDate "2018.07.29"]
[SourceVersion "1"]
[SourceVersionDate "2018.07.29"]
[SourceQuality "1"]

1. c4 Nf6 2. Nc3 e5 3. Nf3 d6 4. d4 exd4 5. Nxd4 Be7 6. g3 0-0 7. Bg2 c6 8. 0-0 Qa5 9. e4 Na6 10. h3 Bd7 11. Be3 Rad8 12. g4 Ne8 13. a3 Qc7 14. b4 Qc8 15. f4 Bf6 16. Nde2 b6 17. Rc1 Nb8 18. Ng3 Be6 19. Nb1 Qa6 20. Qc2 Bh4 21. Ne2 Be7 22. Nd4 Bd7 23. a4 Qc8 24. b5 c5 25. Nf3 Nc7 26. f5 f6 27. Rcd1 Be8 28. Bf4 Bf7 29. g5 Ne8 30. Nc3 Nd7 31. gxf6 Bxf6 32. Bxd6 Nxd6 33. Rxd6 Ne5 34. Rxd8 Nxf3+ 35. Rxf3 Rxd8 36. Bf1 Qc7 37. Ne2 Be5 38. Rd3 Rxd3 39. Qxd3 Qd6 40. Qxd6 Bxd6 41. Nc3 Be5 42. Nb1 Bh5 43. Kf2 Bd4+ 44. Kg3 Be5+ 45. Kf2 Bd4+ 46. Kg3 Be5+ 47. Kf2 1/2-1/2

[Event "SVK-chT2D 1718"]
[Site "Slovakia"]
[Date "2017.11.26"]
[Round "4.1"]
[White "Mrva, Vladimir"]
[Black "Tauber, Marek"]
[Result "1/2-1/2"]
[WhiteElo "2072"]
[BlackElo "2110"]
[PlyCount "40"]
[EventDate "2017.10.28"]
[EventType "team-tourn"]
[EventRounds "11"]
[EventCountry "SVK"]
[SourceTitle "EXT 2019"]
[Source "ChessBase"]
[SourceDate "2018.10.10"]
[SourceVersion "1"]
[SourceVersionDate "2018.10.10"]
[SourceQuality "1"]
[WhiteTeam "Presov Slavia"]
[BlackTeam "Spisska Nova Ves"]
[WhiteTeamCountry "SVK"]
[BlackTeamCountry "SVK"]

1. e4 e5 2. Nf3 Nc6 3. Nc3 Nf6 4. Bb5 Nd4 5. Nxd4 exd4 6. e5 dxc3 7. exf6 Qxf6 8. dxc3 Qe5+ 9. Qe2 Qxe2+ 10. Bxe2 Be7 11. Bf4 d6 12. 0-0-0 0-0 13. Bf3 Rb8 14. Rhe1 Bf6 15. Be3 Be6 16. a3 a6 17. Ba7 Ra8 18. Be3 Rab8 19. g3 Rfe8 20. Ba7 Ra8 1/2-1/2

[Event "SVK-chT2D 1718"]
[Site "Slovakia"]
[Date "2017.10.28"]
[Round "1.1"]
[White "Mrva, Vladimir"]
[Black "Balazs, Ladislav"]
[Result "1-0"]
[WhiteElo "2070"]
[BlackElo "2125"]
[PlyCount "113"]
[EventDate "2017.10.28"]
[EventType "team-tourn"]
[EventRounds "11"]
[EventCountry "SVK"]
[SourceTitle "EXT 2019"]
[Source "ChessBase"]
[SourceDate "2018.10.10"]
[SourceVersion "1"]
[SourceVersionDate "2018.10.10"]
[SourceQuality "1"]
[WhiteTeam "Presov Slavia"]
[BlackTeam "Moldava nad Bodvou"]
[WhiteTeamCountry "SVK"]
[BlackTeamCountry "SVK"]

1. e4 g6 2. d4 Bg7 3. Nf3 c5 4. dxc5 Na6 5. Bxa6 Qa5+ 6. Nbd2 Qxa6 7. Nb3 Nf6 8. e5 Ng4 9. Bf4 f6 10. exf6 Qxf6 11. Bc1 Qe6+ 12. Qe2 Qxe2+ 13. Kxe2 b6 14. h3 Ba6+ 15. Ke1 Nf6 16. c3 0-0 17. Be3 Nd5 18. Rd1 e6 19. Kd2 Rac8 20. cxb6 axb6 21. Kc2 Be2 22. Rxd5 exd5 23. Nfd4 Bc4 24. Nc1 Be5 25. g3 Rce8 26. b3 Ba6 27. f4 Bg7 28. Kd2 Re4 29. h4 Rc8 30. Re1 Rce8 31. a4 Bf8 32. Na2 Kf7 33. Nb4 Bb7 34. Nd3 Bd6 35. Nb5 Bb8 36. Bxb6 Ba6 37. Bc5 Bxb5 38. axb5 Kf6 39. Bd4+ Kf5 40. Rxe4 dxe4 41. Nf2 d5 42. Ke3 Bd6 43. c4 Ba3 44. c5 Bc1+ 45. Ke2 e3 46. Nd3 Ke4 47. Be5 Ra8 48. Nxc1 d4 49. b6 Ra1 50. Bxd4 Rxc1 51. Bxe3 Rc3 52. c6 Rc2+ 53. Kd1 Kd3 54. b7 Rh2 55. Kc1 Kc3 56. Bd4+ Kxd4 57. b8Q 1-0

[Event "SVK-chT1E 1617"]
[Site "Slovakia"]
[Date "2017.03.18"]
[Round "10.4"]
[White "Repkova, Eva"]
[Black "Mrva, Vladimir"]
[Result "1-0"]
[WhiteElo "2329"]
[BlackElo "2119"]
[PlyCount "44"]
[EventDate "2016.10.15"]
[EventType "team-tourn"]
[EventRounds "11"]
[EventCountry "SVK"]
[SourceTitle "EXT 2019"]
[Source "ChessBase"]
[SourceDate "2018.10.10"]
[SourceVersion "1"]
[SourceVersionDate "2018.10.10"]
[SourceQuality "1"]
[WhiteTeam "Zilina Mladost"]
[BlackTeam "Presov Slavia PU"]
[WhiteTeamCountry "SVK"]
[BlackTeamCountry "SVK"]

1. e4 e5 2. Bc4 Nf6 3. d3 c6 4. Nf3 d5 5. Bb3 Bd6 6. exd5 cxd5 7. Bg5 Nbd7 8. 0-0 Qa5 9. Qe1 Qc7 10. Nc3 a6 11. d4 0-0 12. Bxf6 gxf6 13. Nxd5 Qd8 14. Rd1 Re8 15. Qe4 exd4 16. Qxd4 Be5 17. Qh4 Kh8 18. c3 Rg8 19. Rfe1 Bd6 20. Bc2 Rg7 21. Ne3 Nf8 22. Qd4 Bh3 1-0

[Event "SVK-chT1E 1617"]
[Site "Slovakia"]
[Date "2017.02.26"]
[Round "9.4"]
[White "Hrnciar, Roman"]
[Black "Mrva, Vladimir"]
[Result "1-0"]
[WhiteElo "2025"]
[BlackElo "2119"]
[PlyCount "97"]
[EventDate "2016.10.15"]
[EventType "team-tourn"]
[EventRounds "11"]
[EventCountry "SVK"]
[SourceTitle "EXT 2018"]
[Source "ChessBase"]
[SourceDate "2017.10.13"]
[SourceVersion "1"]
[SourceVersionDate "2017.10.13"]
[SourceQuality "1"]
[WhiteTeam "Liptovska Stiavnica"]
[BlackTeam "Presov Slavia PU"]
[WhiteTeamCountry "SVK"]
[BlackTeamCountry "SVK"]

1. f4 Nf6 2. Nf3 b6 3. b3 Bb7 4. e3 e6 5. Bb2 Be7 6. Be2 c5 7. 0-0 d6 8. Bb5+ Nbd7 9. Qe2 a6 10. Bxd7+ Qxd7 11. d3 d5 12. Ne5 Qc7 13. Nd2 Bd6 14. c4 dxc4 15. Ndxc4 b5 16. Nxd6+ Qxd6 17. e4 0-0 18. Rf3 Rfd8 19. Rg3 Ne8 20. Qh5 Qf8 21. Ng4 f6 22. Rh3 Qf7 23. Qxh7+ Kf8 24. Rf1 Ke7 25. Ne5 fxe5 26. fxe5 Qxf1+ 27. Kxf1 Kd7 28. Rf3 Kc6 29. Qh3 Bc8 30. d4 cxd4 31. Rd3 Ra7 32. Bxd4 Rf7+ 33. Bf2 Rxd3 34. Qxd3 Rd7 35. Qe3 Rb7 36. Qc5+ Kd7 37. Bh4 Rc7 38. Qe7+ Kc6 39. Qxe8+ Kb7 40. Be7 Bd7 41. Qd8 b4 42. Bd6 Bb5+ 43. Kf2 Rc2+ 44. Kg3 Rc8 45. Qe7+ Kb6 46. Qxe6 Rc3+ 47. Kh4 g5+ 48. Kxg5 Ka5 49. Qe7 1-0

[Event "SVK-chT2D 1617"]
[Site "Slovakia"]
[Date "2017.02.11"]
[Round "8.3"]
[White "Michel, Norbert"]
[Black "Mrva, Vladimir"]
[Result "0-1"]
[WhiteElo "2033"]
[BlackElo "2119"]
[PlyCount "62"]
[EventDate "2016.10.08"]
[EventType "team-tourn"]
[EventRounds "11"]
[EventCountry "SVK"]
[SourceTitle "EXT 2018"]
[Source "ChessBase"]
[SourceDate "2017.10.13"]
[SourceVersion "1"]
[SourceVersionDate "2017.10.13"]
[SourceQuality "1"]
[WhiteTeam "Kosice Slavia UPJS III"]
[BlackTeam "Sabinov II"]
[WhiteTeamCountry "SVK"]
[BlackTeamCountry "SVK"]

1. c4 Nf6 2. Nc3 e5 3. g3 d5 4. cxd5 Nxd5 5. Bg2 Nxc3 6. bxc3 c6 7. Nf3 Qa5 8. 0-0 Bd6 9. Qc2 h6 10. d4 0-0 11. Nxe5 Bxe5 12. dxe5 Qxe5 13. Be3 Nd7 14. Rfd1 Re8 15. Bf3 Nf8 16. Rd2 Qf5 17. Qa4 Ng6 18. Rd4 Ne5 19. Be4 Qh5 20. Bg2 Ng4 21. Re4 Qxh2+ 22. Kf1 Nxe3+ 23. fxe3 Bh3 24. Bxh3 Qh1+ 25. Kf2 Qxe4 26. Qxe4 Rxe4 27. Rb1 b6 28. Bg2 Rc4 29. Rb3 Rd8 30. e4 Rd2 31. a3 Rc2 0-1

[Event "SVK-chT1E 1617"]
[Site "Slovakia"]
[Date "2017.01.22"]
[Round "7.3"]
[White "Mrva, Vladimir"]
[Black "Lasanda, Michal"]
[Result "1-0"]
[WhiteElo "2119"]
[BlackElo "2144"]
[PlyCount "77"]
[EventDate "2016.10.15"]
[EventType "team-tourn"]
[EventRounds "11"]
[EventCountry "SVK"]
[SourceTitle "EXT 2018"]
[Source "ChessBase"]
[SourceDate "2017.10.13"]
[SourceVersion "1"]
[SourceVersionDate "2017.10.13"]
[SourceQuality "1"]
[WhiteTeam "Presov Slavia PU"]
[BlackTeam "Michalovce Zemplin"]
[WhiteTeamCountry "SVK"]
[BlackTeamCountry "SVK"]

1. e4 c5 2. Nf3 Nc6 3. Bb5 g6 4. 0-0 Bg7 5. c3 Nf6 6. Re1 0-0 7. h3 Qc7 8. d4 cxd4 9. cxd4 d5 10. e5 Ne4 11. Qb3 Be6 12. Nbd2 Rac8 13. Qa4 Nxd2 14. Bxd2 Qd7 15. Rac1 a6 16. Bxc6 Rxc6 17. Rxc6 Qxc6 18. Qxc6 bxc6 19. Rc1 Bd7 20. b3 Rb8 21. Ne1 f6 22. f4 Bh6 23. exf6 exf6 24. Nd3 Re8 25. Re1 Rxe1+ 26. Bxe1 Bf5 27. Nb4 Bxf4 28. Nxc6 Kf7 29. Nb4 Bb1 30. a4 Ke6 31. Nxa6 Be3+ 32. Bf2 Bd2 33. b4 Bc2 34. Nc5+ Ke7 35. b5 Bf4 36. a5 Bf5 37. a6 Bb8 38. b6 Bc8 39. a7 1-0

[Event "SVK-chT1E 1617"]
[Site "Slovakia"]
[Date "2016.11.19"]
[Round "3.2"]
[White "Mrva, Vladimir"]
[Black "Michalicka, Milan"]
[Result "0-1"]
[WhiteElo "2119"]
[BlackElo "2241"]
[PlyCount "114"]
[EventDate "2016.10.15"]
[EventType "team-tourn"]
[EventRounds "11"]
[EventCountry "SVK"]
[SourceTitle "EXT 2018"]
[Source "ChessBase"]
[SourceDate "2017.10.13"]
[SourceVersion "1"]
[SourceVersionDate "2017.10.13"]
[SourceQuality "1"]
[WhiteTeam "Presov Slavia PU"]
[BlackTeam "Banska Bystrica Junior"]
[WhiteTeamCountry "SVK"]
[BlackTeamCountry "SVK"]

1. e4 c5 2. Nf3 g6 3. d4 cxd4 4. Qxd4 Nf6 5. Bb5 a6 6. e5 axb5 7. exf6 Nc6 8. fxe7 Qxe7+ 9. Qe3 b4 10. Qxe7+ Bxe7 11. Nbd2 0-0 12. Nb3 Bf6 13. Kd1 d6 14. h3 Bf5 15. Re1 Rfc8 16. Re2 d5 17. a3 Be4 18. axb4 Rxa1 19. Nxa1 Nxb4 20. Ne1 Na2 21. Nb3 Nxc1 22. Kxc1 Kf8 23. Kb1 Re8 24. Kc1 Bg5+ 25. Kd1 Ra8 26. f3 Bf5 27. g4 Bd7 28. Re5 Bf6 29. Rxd5 Bc6 30. Ra5 Rd8+ 31. Ke2 Re8+ 32. Kf1 Bxb2 33. Nd3 Bf6 34. g5 Bd8 35. Re5 Bxf3 36. Rxe8+ Kxe8 37. h4 f6 38. Nd4 Bd5 39. Nb4 Bc4+ 40. Kg2 fxg5 41. hxg5 Bxg5 42. Nf3 Be7 43. Ne5 Be6 44. Nbd3 Bf5 45. Kf3 Bf6 46. Nc4 Bxd3 47. cxd3 Kd7 48. Ke4 b5 49. Na5 Bc3 50. Nb3 Kd6 51. d4 b4 52. Nc5 h5 53. Nb7+ Kc6 54. Na5+ Kb5 55. Nb3 Ka4 56. Nc5+ Ka3 57. Kd3 h4 0-1

[Event "SVK-chT2D 1617"]
[Site "Slovakia"]
[Date "2016.11.05"]
[Round "3.2"]
[White "Mrva, Vladimir"]
[Black "Korytko, Peter"]
[Result "1/2-1/2"]
[WhiteElo "2119"]
[BlackElo "2055"]
[PlyCount "147"]
[EventDate "2016.10.08"]
[EventType "team-tourn"]
[EventRounds "11"]
[EventCountry "SVK"]
[SourceTitle "EXT 2018"]
[Source "ChessBase"]
[SourceDate "2017.10.13"]
[SourceVersion "1"]
[SourceVersionDate "2017.10.13"]
[SourceQuality "1"]
[WhiteTeam "Sabinov II"]
[BlackTeam "Margecany II"]
[WhiteTeamCountry "SVK"]
[BlackTeamCountry "SVK"]

1. e4 e5 2. Nf3 Nc6 3. Nc3 Nf6 4. Bb5 Bc5 5. Nxe5 Qe7 6. Nd3 Bb6 7. 0-0 0-0 8. Re1 d6 9. Nd5 Nxd5 10. exd5 Qg5 11. c3 Bg4 12. Qa4 Bf3 13. Nf4 Ne5 14. d4 Ng6 15. g3 Nxf4 16. Bxf4 Qxd5 17. Qc4 Qh5 18. Qf1 g5 19. Bd2 g4 20. Be2 Bc6 21. h3 f5 22. Bf4 Rae8 23. h4 Re4 24. Bc4+ d5 25. Bd3 Rxf4 26. gxf4 Qxh4 27. Qg2 Qh6 28. Qg3 Be8 29. Qh2 Qg6 30. Qh4 c5 31. dxc5 Bxc5 32. b4 Bb6 33. Kf1 Bf7 34. Qg5 Qxg5 35. fxg5 Bg6 36. Re7 Rb8 37. Rd7 Re8 38. Rxd5 g3 39. fxg3 Re3 40. Bc4 Kf8 41. Rd3 Re4 42. Bd5 Rg4 43. Bxb7 Rxg5 44. c4 f4 45. Rf3 Be3 46. Re1 Bd2 47. Rd1 Bxb4 48. Rxf4+ Ke7 49. Kg2 Re5 50. Bd5 Bc5 51. Bf3 Be3 52. Rh4 Ra5 53. Ra1 Bd2 54. Rhh1 Bc3 55. Rac1 Rxa2+ 56. Kh3 Ra3 57. Bd5 Bf5+ 58. Kg2 Bd4 59. Rhe1+ Kd6 60. Re2 Bg4 61. Ree1 Be5 62. Rcd1 Bxd1 63. Rxd1 Rxg3+ 64. Kf2 Kc5 65. Be6 Rg5 66. Rd7 Bd4+ 67. Kf3 Rg7 68. Rxg7 Bxg7 69. Bg8 h6 70. Bf7 a5 71. Be8 Kxc4 72. Bf7+ Kd4 73. Be8 Bf8 74. Kg4 1/2-1/2

[Event "SVK-chT1E 1617"]
[Site "Slovakia"]
[Date "2016.10.15"]
[Round "1.3"]
[White "Mrva, Vladimir"]
[Black "Koval, Maros"]
[Result "1-0"]
[WhiteElo "2119"]
[BlackElo "2117"]
[PlyCount "105"]
[EventDate "2016.10.15"]
[EventType "team-tourn"]
[EventRounds "11"]
[EventCountry "SVK"]
[SourceTitle "CBM 175 Extra"]
[Source "ChessBase"]
[SourceDate "2016.12.12"]
[SourceVersion "1"]
[SourceVersionDate "2016.12.12"]
[SourceQuality "1"]
[WhiteTeam "Presov Slavia PU"]
[BlackTeam "Margecany Eltra"]
[WhiteTeamCountry "SVK"]
[BlackTeamCountry "SVK"]

1. e4 e6 2. d4 c5 3. d5 e5 4. Nd2 d6 5. a4 g6 6. Bd3 Bg7 7. Nc4 Qe7 8. Be3 Nf6 9. Qc1 Ng4 10. Bg5 f6 11. Bd2 f5 12. Bg5 Nf6 13. f3 h6 14. Bd2 f4 15. Ne2 g5 16. Nc3 0-0 17. Nb5 Ne8 18. c3 Na6 19. Qc2 g4 20. 0-0-0 gxf3 21. gxf3 Nac7 22. Nxc7 Qxc7 23. Rdg1 Qf7 24. h4 Qh5 25. Qd1 Kf7 26. Rg2 Bf6 27. Be2 Rg8 28. Rxg8 Kxg8 29. Qg1+ Kf7 30. Rh2 Bd7 31. Bd1 Rb8 32. Na3 Nc7 33. Be1 Rg8 34. Rg2 Rxg2 35. Qxg2 Qg6 36. Qh1 b6 37. b3 Ne8 38. Be2 Ng7 39. Nb5 Nh5 40. Nxd6+ Ke7 41. Nc4 Ng3 42. Qh2 Nxe2+ 43. Qxe2 Qg1 44. Kd2 Bh3 45. Qf2 Qh1 46. a5 Bf1 47. axb6 axb6 48. Nxb6 Kf7 49. Nd7 h5 50. Qxc5 Be7 51. Nxe5+ Kf6 52. Qc6+ Kg7 53. Qg6+ 1-0

[Event "Tatry op"]
[Site "Tatranske Zruby"]
[Date "2016.09.30"]
[Round "8"]
[White "Borsos, Bogdan"]
[Black "Mrva, Vladimir"]
[Result "1/2-1/2"]
[WhiteElo "2252"]
[BlackElo "2120"]
[PlyCount "87"]
[EventDate "2016.09.24"]
[EventType "swiss"]
[EventRounds "9"]
[EventCountry "SVK"]
[SourceTitle "CBM 174 Extra"]
[Source "ChessBase"]
[SourceDate "2016.10.10"]
[SourceVersion "1"]
[SourceVersionDate "2016.10.10"]
[SourceQuality "1"]

1. e4 e5 2. Nf3 Nf6 3. Nxe5 d6 4. Nf3 Nxe4 5. Qe2 Qe7 6. d3 Nf6 7. Bg5 Qxe2+ 8. Bxe2 Nbd7 9. Nc3 a6 10. 0-0-0 h6 11. Bh4 Be7 12. Rhe1 0-0 13. d4 Bd8 14. h3 Nb6 15. Nd2 Nh7 16. Bxd8 Rxd8 17. Nc4 Nxc4 18. Bxc4 c6 19. Bd3 Nf6 20. Ne2 Bd7 21. a3 Re8 22. Ng3 Rxe1 23. Rxe1 g6 24. Kd2 Re8 25. Rxe8+ Bxe8 26. a4 Kf8 27. a5 Ke7 28. c4 Bd7 29. f3 Bc8 30. h4 Bd7 31. Ne2 Bc8 32. Ke3 Bd7 33. g4 Bc8 34. Ng3 Bd7 35. g5 hxg5 36. hxg5 Ne8 37. f4 Ng7 38. b4 Kd8 39. Be4 Be6 40. d5 cxd5 41. Bxd5 Bxd5 42. cxd5 Nf5+ 43. Nxf5 gxf5 44. Kf3 1/2-1/2

[Event "Tatry op"]
[Site "Tatranske Zruby"]
[Date "2016.09.24"]
[Round "1"]
[White "Mrva, Vladimir"]
[Black "Manik, Mikulas"]
[Result "0-1"]
[WhiteElo "2120"]
[BlackElo "2441"]
[PlyCount "130"]
[EventDate "2016.09.24"]
[EventType "swiss"]
[EventRounds "9"]
[EventCountry "SVK"]
[SourceTitle "CBM 174 Extra"]
[Source "ChessBase"]
[SourceDate "2016.10.10"]
[SourceVersion "1"]
[SourceVersionDate "2016.10.10"]
[SourceQuality "1"]

1. e4 c5 2. Nf3 e6 3. c4 Nc6 4. d4 cxd4 5. Nxd4 Nf6 6. Nc3 Bb4 7. Nxc6 bxc6 8. Bd3 e5 9. 0-0 Bc5 10. Bg5 h6 11. Bd2 d6 12. h3 Be6 13. b3 Bd4 14. Rc1 Nd7 15. Qh5 Qf6 16. Bc2 Qg6 17. Qxg6 fxg6 18. Kh2 g5 19. f3 Ke7 20. Ne2 Bb6 21. Rcd1 Rhb8 22. Bb4 Bc5 23. Bxc5 Nxc5 24. Rd2 a5 25. Rfd1 Rd8 26. Nc1 Bf7 27. Nd3 Ne6 28. Nb2 h5 29. Kg3 c5 30. Na4 h4+ 31. Kf2 Nd4 32. Rc1 Rdb8 33. Bd1 Be8 34. Nc3 Bc6 35. Ke3 Rb7 36. Ne2 a4 37. Nxd4 exd4+ 38. Kf2 axb3 39. axb3 Ra3 40. Ke1 Kf6 41. Bc2 Ke5 42. Rb1 Bd7 43. Bd1 Be6 44. Rdb2 Rba7 45. Be2 Ra1 46. Rxa1 Rxa1+ 47. Kf2 Rc1 48. Bf1 Rc3 49. Ke2 Kf4 50. Kd2 Kg3 51. b4 cxb4 52. Rxb4 Kf2 53. Bd3 Kxg2 54. Rb5 g4 55. fxg4 Kxh3 56. Rg5 Kg3 57. e5 Kf4 58. Rh5 dxe5 59. Rxh4 g5 60. Rh6 Bxc4 61. Bf5 e4 62. Rd6 e3+ 63. Kd1 Kf3 64. Rxd4 Be2+ 65. Ke1 Rc1+ 0-1

[Event "SVK-ch Seniors-A"]
[Site "Tatranske Matliare"]
[Date "2016.06.11"]
[Round "8"]
[White "Mrva, Vladimir"]
[Black "Petran, Peter"]
[Result "1/2-1/2"]
[WhiteElo "2097"]
[BlackElo "2331"]
[PlyCount "32"]
[EventDate "2016.06.05"]
[EventType "swiss"]
[EventRounds "9"]
[EventCountry "SVK"]
[SourceTitle "EXT 2023"]
[Source "ChessBase"]
[SourceDate "2022.10.05"]
[SourceVersion "1"]
[SourceVersionDate "2022.10.05"]
[SourceQuality "1"]

1. e4 g6 2. d4 Bg7 3. Nf3 d6 4. Be2 Nf6 5. Nc3 0-0 6. h3 Nbd7 7. 0-0 e5 8. dxe5 dxe5 9. Be3 b6 10. Nd2 Bb7 11. Bc4 a6 12. a4 c6 13. Be2 Qe7 14. Nc4 c5 15. Qd6 Qd8 16. f3 Re8 1/2-1/2

[Event "SVK-ch Seniors-A"]
[Site "Tatranske Matliare"]
[Date "2016.06.05"]
[Round "1"]
[White "Mrva, Vladimir"]
[Black "Eremias, Igor"]
[Result "1-0"]
[WhiteElo "2097"]
[BlackElo "1794"]
[PlyCount "97"]
[EventDate "2016.06.05"]
[EventType "swiss"]
[EventRounds "9"]
[EventCountry "SVK"]
[SourceTitle "EXT 2023"]
[Source "ChessBase"]
[SourceDate "2022.10.05"]
[SourceVersion "1"]
[SourceVersionDate "2022.10.05"]
[SourceQuality "1"]

1. e4 e6 2. d4 d5 3. exd5 exd5 4. Bd3 Nf6 5. Ne2 Bd6 6. 0-0 0-0 7. Ng3 Bxg3 8. hxg3 Bg4 9. f3 Bh5 10. Nc3 c6 11. Ne2 Bg6 12. Nf4 Bxd3 13. Qxd3 Nbd7 14. Be3 Re8 15. g4 h6 16. Nh3 Nh7 17. Kf2 Ndf8 18. Rh1 Ng6 19. Rh2 Re6 20. Rah1 Qe7 21. Re1 Re8 22. Rhh1 Qb4 23. b3 Qe7 24. Bd2 Qd7 25. Rxe6 Rxe6 26. g5 hxg5 27. Nxg5 Nxg5 28. Bxg5 Qe8 29. Bd2 Qe7 30. a4 Qf6 31. g3 Nf8 32. Bb4 Qg6 33. Bxf8 Kxf8 34. Rh8+ Ke7 35. Qxg6 Rxg6 36. Rb8 Rd6 37. Rxb7+ Rd7 38. Rxd7+ Kxd7 39. b4 a6 40. Ke3 Ke6 41. Kd3 g5 42. c4 f5 43. Kc3 Kd6 44. Kb3 Kc7 45. b5 cxb5 46. axb5 Kb6 47. bxa6 Kxa6 48. Kb4 Kb6 49. cxd5 1-0

[Event "SVK-chT1E 1516"]
[Site "Slovakia"]
[Date "2016.03.19"]
[Round "10.6"]
[White "Kolesar, Peter"]
[Black "Mrva, Vladimir"]
[Result "1/2-1/2"]
[WhiteElo "1946"]
[BlackElo "2106"]
[PlyCount "61"]
[EventDate "2015.10.24"]
[EventType "team-tourn"]
[EventRounds "11"]
[EventCountry "SVK"]
[SourceTitle "EXT 2017"]
[Source "ChessBase"]
[SourceDate "2016.10.25"]
[SourceVersion "1"]
[SourceVersionDate "2016.10.25"]
[SourceQuality "1"]
[WhiteTeam "Zilina Mladost II"]
[BlackTeam "Sabinov"]
[WhiteTeamCountry "SVK"]
[BlackTeamCountry "SVK"]

1. d4 Nf6 2. c4 e6 3. Nf3 b6 4. e3 Bb7 5. Be2 Be7 6. 0-0 0-0 7. b3 d6 8. Bb2 Nbd7 9. Nbd2 c5 10. Qc2 Qc7 11. Rac1 Rfe8 12. e4 cxd4 13. Bxd4 Nc5 14. e5 dxe5 15. Bxe5 Qc6 16. Rfd1 Ncd7 17. Bb2 Bd6 18. Nf1 Bf4 19. Rb1 Rad8 20. Ng3 h6 21. Ne1 Be5 22. Ba3 Nf8 23. Bf3 Qc7 24. Rxd8 Rxd8 25. Rd1 Rd7 26. Bxb7 Qxb7 27. Rxd7 Qxd7 28. Qd3 Bc7 29. f3 Qxd3 30. Nxd3 N8d7 31. Kf2 1/2-1/2

[Event "SVK-chT2D 1516"]
[Site "Slovakia"]
[Date "2016.03.12"]
[Round "10.1"]
[White "Mrva, Vladimir"]
[Black "Juhar, Roman"]
[Result "1/2-1/2"]
[WhiteElo "2115"]
[BlackElo "2180"]
[PlyCount "143"]
[EventDate "2015.10.17"]
[EventType "team-tourn"]
[EventRounds "11"]
[EventCountry "SVK"]
[SourceTitle "EXT 2017"]
[Source "ChessBase"]
[SourceDate "2016.10.25"]
[SourceVersion "1"]
[SourceVersionDate "2016.10.25"]
[SourceQuality "1"]
[WhiteTeam "Sabinov II"]
[BlackTeam "Velke Kapusany"]
[WhiteTeamCountry "SVK"]
[BlackTeamCountry "SVK"]

1. e4 e5 2. Nf3 Nc6 3. Nc3 Nf6 4. Bb5 Bb4 5. 0-0 0-0 6. d3 d6 7. Bg5 Bxc3 8. bxc3 Qe7 9. Bxc6 bxc6 10. Nd2 h6 11. Bh4 g5 12. Bg3 Rb8 13. Qe2 Be6 14. c4 c5 15. Rfb1 Rb6 16. Rb3 Rfb8 17. Rab1 Bd7 18. Nf1 Ba4 19. Rxb6 axb6 20. Ne3 Bd7 21. Rb3 Ra8 22. Rb2 Ra3 23. f3 Qe8 24. Be1 Qa8 25. c3 Qa6 26. Qc2 c6 27. Qb1 b5 28. cxb5 cxb5 29. Nc2 Ra4 30. a3 Kg7 31. Qd1 d5 32. exd5 Nxd5 33. Qe2 Qd6 34. Bd2 Nf4 35. Bxf4 gxf4 36. Rb1 Bf5 37. Rd1 f6 38. h3 Qd5 39. Kh2 Qb3 40. Qd2 c4 41. Nb4 cxd3 42. Nxd3 Rxa3 43. Nc5 Qxc3 44. Qd6 Ra7 45. Ne6+ Bxe6 46. Qxe6 Qc7 47. Qe8 Rb7 48. Rd8 Qf7 49. Qh8+ Kg6 50. Rg8+ Kf5 51. Rf8 Qg7 52. Qxg7 Rxg7 53. Rb8 Re7 54. Rxb5 Kg5 55. Rb8 f5 56. Rg8+ Kf6 57. Rf8+ Kg6 58. Kg1 Re6 59. Kf2 Ra6 60. Re8 Ra2+ 61. Kf1 Ra5 62. Re6+ Kg5 63. h4+ Kh5 64. Kf2 Ra2+ 65. Kf1 Ra4 66. Rxe5 Kxh4 67. Re6 h5 68. Rg6 Ra1+ 69. Kf2 Rb1 70. Rg7 Rb6 71. Rg8 Rb7 72. Rg6 1/2-1/2